| 000 | 00350nam a2200157Ia 4500 | ||
|---|---|---|---|
| 003 | Ost | ||
| 005 | 20260225132546.0 | ||
| 008 | 260225s9999||||xx |||||||||||||| ||und|| | ||
| 040 | _cfsic | ||
| 041 | _afre | ||
| 082 | _a440 | ||
| 100 |
_aV.Vdo.Aba _eAuteur |
||
| 245 | 0 | _aManagment development in Nigeria / | |
| 245 | 0 | _cV.Vdo.Aba | |
| 942 | _cكتاب | ||
| 999 |
_c33840 _d33840 |
||